On This Day: November 3rd II Quiz Stats

 Plays Quiz Updated Nov 3, 2018

Score 0/7 Timer 03:00
0 Plays Today
Question Answer Wrong Answers
Lebanese magazine Ash-Shiraa exposes a secret arms deal, which leads to a controversy that would be known by this name.
1986
Iran-Contra Affair
91%
Watergate
3.5%
Savings and Loan Scandal
2.2%
Chappaquiddick Incident
1.7%
This Swedish actor, well-known for his role as Ivan Drago in Rocky IV, is born in Spånga, Sweden.
1957
Dolph Lundgren
78.3%
Jean-Claude Van Damme
10.6%
Stellan Skarsgård
9.2%
Carl Weathers
1.4%
England's Parliament passes the first Act of Supremacy, making this monarch the official head of the Church of England.
1534
Henry VIII
76.7%
Richard the Lionheart
9.1%
Elizabeth I
10.1%
Mary I
4%
This Swiss racing driver co-founds his namesake automobile company in Detroit with William C. Durant.
1911
Louis Chevrolet
66.5%
Karl Benz
15.8%
Enzo Ferrari
12.4%
Lionel Martin
5%
The United States presidential election is held, with this man winning 61% of the popular vote.
1964
Lyndon Johnson
66%
Richard Nixon
8.4%
John F. Kennedy
23%
Gerald Ford
1.7%
This Caribbean island nation gains its independence from the United Kingdom.
1978
Dominica
53.9%
Cuba
2%
Haiti
15.7%
Dominican Republic
27.1%
NASA launches Mariner 10, which would become the first space probe to fly by this planet.
1973
Mercury
39.1%
Uranus
6.8%
Neptune
15.3%
Jupiter
37.7%

You're not logged in!

Compare scores with friends on all Sporcle quizzes.
OR
Log In

Show Comments

Extras

Top Quizzes Today


Score Distribution

Your Account Isn't Verified!

In order to create a playlist on Sporcle, you need to verify the email address you used during registration. Go to your Sporcle Settings to finish the process.

Report this User

Report this user for behavior that violates our Community Guidelines.

Details: